000 00405 a2200169 4500
001 186598
020 _a85-08-08557-5
040 _cMagnum
100 _aMansini, Beatrice
240 1 0 _aUma noiva chique, chiquérrima, lindérrima
_lpor
245 1 0 _aUma noiva chique, chiquérrima, lindérrima
300 _a28
362 0 _a2004
440 1 _aÁtica
697 _aLITERATURA INFANTO
942 _cBK
999 _c186598
_d186598